| 000 | 01028 a2200217 4500 | ||
|---|---|---|---|
| 003 | Nust | ||
| 005 | 20221128152019.0 | ||
| 010 | _a 97009513 | ||
| 020 | _a019511292X (cloth) | ||
| 040 | _cNust | ||
| 082 | 0 | 0 | _a621.3815,GRA |
| 100 | 1 |
_aGranzow, Kenneth D. _9103707 |
|
| 245 | 0 | 0 |
_aDigital transmission lines : _bcomputer modelling and analysis / _cKenneth D. Granzow. |
| 260 |
_aOxford ; _aNew York : _bOxford University Press, _cc1998. |
||
| 300 |
_axx, 341 p. ; _c25 cm. += _ecomputer laser optical disc (4 3/4 in.) |
||
| 505 | _aTransmission Line Fundamentals (Page-1), Circuit Solutions at Line Termination (Page-79), Propagation in Layered Media (Page-131), Transmission Line Parameter Determination (Page-183), Simulation of Skin Effect (Page-247). | ||
| 650 | 0 | _aTelecommunication Engineering. | |
| 856 | 4 | 2 |
_3Publisher description _uhttp://www.loc.gov/catdir/enhancements/fy0602/97009513-d.html |
| 856 | 4 | 2 |
_3Table of contents only _uhttp://www.loc.gov/catdir/enhancements/fy0602/97009513-t.html |
| 942 |
_cREF _2ddc |
||
| 999 |
_c178587 _d178587 |
||